| 000 | 00594nam a2200193 a 4500 | ||
|---|---|---|---|
| 005 | 20220531063705.0 | ||
| 008 | 030909s1945 mx r 000 0 spa d | ||
| 035 | _aUPN01000128724 | ||
| 049 | _aCG | ||
| 050 | 4 |
_aPQ8519 Z5 _bB35 |
|
| 100 | 1 |
_aZavala Muniz, Justino, _d1898- |
|
| 245 | 1 | 0 |
_aBatlle : _bhéroe civil / _cJustino Zavala Muniz. |
| 260 |
_aMéxico : _bFCE, _c1945. |
||
| 300 |
_a255 p., [2] h. : _bláms. |
||
| 440 | 0 |
_aColección tierra firme ; _v16 |
|
| 600 | 1 | 4 |
_aZAVALA MUNIZ, JUSTINO, _d1898- _vCRITICA E INTERPRETACION |
| 650 | 7 |
_aLiteratura uruguaya _2 _95065 |
|
| 905 | _aLibro | ||
| 999 |
_c100901 _d100901 |
||